000 00954nam a2200253Ia 4500
003 OSt
005 20220923223312.0
006 a|||||r|||| 00| 0
007 ta
008 220922b |||||||| |||| 00| 0 kan d
024 _a213,167
037 _cTextual
040 _aARTS
_cARTS
_bkan
041 _2kan
_akan
082 _aO33,3N28,GG, 152L6
100 _aपुणेकर, शंकर मोकाशी; नारायण, बी आर, अनु.
_9167297
245 0 _aगंगाव्वा गंगामाई
246 _aGangāvvā gangāmāī
260 _aनई दिल्ली
_b नेशनल पब्लि हा0
_c1976
300 _a235पृ0
_ccm.
650 _aकन्नड़ साहित्य
_9156264
942 _hO33,3N28,GG, 152L6
_cTEXL
_2CC
999 _c363419
_d363419